00521nam a2200193Ia 4500003000900000008004100009040001300050040001300063041000800076100001800084100001000102245013700112250001200249260002800261260000900289300001100298300001200309490000600321IT-RoPAU120407s9999 xx 000 0 und d aIT-RoPAU cIT-RoPAU aita aGiuseppe Siri ccard. aEsercizi Spirituali. Tre corsi tenuti da S.E. il Card. Giuseppe Siri, arciv. di Genova, ai volontari della Pro Civitate Christiana.  aAssisi  aPro Civitate Christiana c1962 a530 p. c17,5 cm v1